College Quizbowl Stats
College Quizbowl Stats
Circuits
Seasons
Sets
Records
Detailed Stats
About
Loading...
2024 ACF Fall at North Carolina
Tossups
Bonuses
Players
Teams
Categories (Tossup)
Categories (Bonus)
Tyler Davis
Bristol A
Categories
Category
Powers
Gets
Negs
BBs
Points
Earliest Buzz
Avg. Buzz
First Buzzes
Top 3 Buzzes
BPA
PVF
Fine Arts - Other
0
1
0
1
10
123
123.00
0
0
0.00
0.00
History - World
0
1
0
0
10
63
63.00
0
0
0.00
0.00
Pop Culture
0
1
0
0
10
47
47.00
0
0
0.00
0.00
Religion
0
1
0
0
10
82
82.00
0
0
0.00
0.00
Buzzes
Category
Answer
Value
Buzz Position
Pop Culture
Ron Swanson
10
47
History - World
Cuba
10
63
Religion
bowing
10
82
Fine Arts - Other
Rio de Janeiro
10
123
Previous
1
Next